000 00293nam a2200133Ia 4500
008 191201s1972 xx 000 0 und d
100 _aMILLMAN, jacob
245 0 _aIntegrated Electronics
250 _a-
260 _c1972
_bTMH
_aN.Delhi
300 _a910
650 _aECE
942 _2ddc
_cBB
999 _c7218
_d7218